[Event "V Festival Costa Viola A"]
[Site "Palmi ITA"]
[Date "2012.01.02"]
[Round "2"]
[White "Valguarnera, Girolamo"]
[Black "Santagati, Alessandro"]
[Result "1/2-1/2"]
[WhiteElo "2139"]
[BlackElo "2239"]
[PlyCount "152"]
[EventDate "2012.01.02"]

1. d4 Nf6 2. Nf3 g6 3. c4 Bg7 4. Nc3 O-O 5. e4 d6 6. Be2 e5 7. O-O Nc6 8. d5
Ne7 9. Bd2 Ne8 10. b4 f5 11. Ng5 h6 12. Ne6 Bxe6 13. dxe6 Qc8 14. Nd5 Qxe6 15.
Bf3 c6 16. Nxe7+ Qxe7 17. Qb3 Kh7 18. Rae1 f4 19. c5 dxc5 20. bxc5 Rb8 21. Qa3
Nc7 22. Be2 Ne6 23. Bb4 Nd4 24. Bd1 h5 25. f3 Bf6 26. g3 Bg5 27. Kg2 h4 28. Rh1
Kg7 29. g4 Rfd8 30. Qb2 Bf6 31. a4 b6 32. Qc3 Qe6 33. Rhg1 h3+ 34. Kxh3 Qa2 35.
Qd2 Qxd2 36. Bxd2 Nxf3 37. Bxf3 Rxd2 38. Re2 Rd3 39. Kg2 bxc5 40. Rc2 Rbb3 41.
Rf1 Be7 42. g5 Ra3 43. h4 Rxa4 44. Rb2 c4 45. Rb7 Kf8 46. Rc7 Ra2+ 47. Kh3 Ra6
48. Kg4 Bd8 49. Rc8 Ra2 50. h5 gxh5+ 51. Kf5 c3 52. Bxh5 c2 53. Kxe5 Kg7 54.
Rxc6 Ra5+ 55. Kxf4 Bxg5+ 56. Kg4 c1=Q 57. Rfxc1 Bxc1 58. Rxc1 Kf6 59. Rf1+ Ke6
60. Bf7+ Ke7 61. Bg6 Raa3 62. Bf5 a5 63. Rh1 Re3 64. Kf4 a4 65. Ke5 Rab3 66.
Rh7+ Kd8 67. Be6 Rb6 68. Ra7 a3 69. Bd5 Rg3 70. Kd4 Rb2 71. Kc5 Rc3+ 72. Kd4
Rg3 73. Kc5 Rb8 74. Kd6 Rg6+ 75. Kc5 Rg3 76. Kd6 Rg6+ 1/2-1/2

[Event "V Festival Costa Viola A"]
[Site "Palmi ITA"]
[Date "2012.01.03"]
[Round "3"]
[White "Blasco, Domenico"]
[Black "Cordi', Domenico"]
[Result "0-1"]
[WhiteElo "1938"]
[BlackElo "2059"]
[PlyCount "54"]
[EventDate "2012.01.02"]

1. d4 Nf6 2. Nf3 g6 3. Nc3 Bg7 4. e4 d6 5. Be3 O-O 6. Qd2 c6 7. Bh6 b5 8. Bxg7
Kxg7 9. Bd3 Qc7 10. h4 h5 11. e5 dxe5 12. dxe5 Ng4 13. Qg5 Na6 14. Ne2 Nc5 15.
Nf4 Nxd3+ 16. cxd3 Rh8 17. e6 Bxe6 18. Nxe6+ fxe6 19. O-O Rhf8 20. Rfe1 Rxf3
21. g3 Rxg3+ 22. Kf1 Nh2+ 23. Ke2 Rxg5 24. hxg5 Qe5+ 25. Kd1 Qxb2 26. Rc1 Rd8
27. Re3 Nf1 0-1

[Event "V Festival Costa Viola A"]
[Site "Palmi ITA"]
[Date "2012.01.03"]
[Round "3"]
[White "Cangiano, Federico"]
[Black "Pinton, Maurizio"]
[Result "1/2-1/2"]
[WhiteElo "1963"]
[BlackElo "2008"]
[PlyCount "96"]
[EventDate "2012.01.02"]

1. d4 c5 2. e3 Nf6 3. Nf3 b6 4. Nbd2 Bb7 5. Bd3 Nc6 6. c3 d6 7. O-O Qc7 8. Re1
e5 9. dxe5 dxe5 10. e4 g6 11. Nf1 Bg7 12. Bg5 O-O 13. Qc2 h6 14. Bh4 g5 15. Bg3
Nh5 16. Rad1 Nf4 17. Bc4 Ne7 18. Ne3 Kh8 19. Rd2 f5 20. Bd5 Nfxd5 21. exd5 Rad8
22. Red1 f4 23. d6 Qd7 24. dxe7 Qxe7 25. Bxf4 exf4 26. Nf5 Rxd2 27. Nxd2 Qe2
28. Nxg7 Kxg7 29. Rc1 Rd8 30. Nf1 Qxc2 31. Rxc2 Rd1 32. f3 Bc8 33. Kf2 Bf5 34.
Rd2 Rxd2+ 35. Nxd2 Kf6 36. Ke2 Ke5 37. a3 Kd5 38. g3 b5 39. gxf4 gxf4 40. Kf2
a5 41. Ke2 c4 42. Kd1 a4 43. Ke1 Bd3 44. Kf2 Ke5 45. Kg2 Kf5 46. Kh3 Kg5 47.
Kg2 h5 48. Kh3 h4 1/2-1/2

[Event "V Festival Costa Viola A"]
[Site "Palmi ITA"]
[Date "2012.01.03"]
[Round "3"]
[White "Caprio, Guido"]
[Black "Lazic, Miroljub"]
[Result "1-0"]
[WhiteElo "2353"]
[BlackElo "2470"]
[PlyCount "55"]
[EventDate "2012.01.02"]

1. e4 e5 2. Bc4 Nf6 3. Nc3 Nc6 4. d3 Bc5 5. f4 d6 6. Nf3 a6 7. f5 Na5 8. Bg5 b5
9. Bb3 c6 10. Qe2 Nxb3 11. axb3 h6 12. Bh4 g5 13. fxg6 fxg6 14. d4 exd4 15. e5
dxc3 16. Bxf6 cxb2 17. exd6+ Kf7 18. Bxb2 Bb4+ 19. Nd2 Bxd2+ 20. Qxd2 Re8+ 21.
Kf2 Qh4+ 22. g3 Qh5 23. d7 Qf5+ 24. Kg1 Qxd7 25. Qxh6 Qa7+ 26. Kf1 Rf8 27. Kg2
Be6 28. Rhf1+ 1-0

[Event "V Festival Costa Viola A"]
[Site "Palmi ITA"]
[Date "2012.01.03"]
[Round "3"]
[White "Carlomagno, Vincenzo"]
[Black "Buda, Elvin"]
[Result "1-0"]
[WhiteElo "1970"]
[BlackElo "1917"]
[PlyCount "51"]
[EventDate "2012.01.02"]

1. e4 d5 2. exd5 Nf6 3. d4 Bg4 4. Nf3 Qxd5 5. Be2 Nc6 6. O-O O-O-O 7. Be3 e5 8.
c4 Qd7 9. d5 Bxf3 10. Bxf3 Qf5 11. Nc3 a6 12. a3 h5 13. Qa4 Nd4 14. Bxd4 exd4
15. Nb5 axb5 16. Qa8+ Kd7 17. Qxb7 Rc8 18. c5 Ne4 19. Bxe4 Qxe4 20. Qc6+ Kd8
21. Rfe1 f5 22. Rxe4 fxe4 23. Re1 Be7 24. Rxe4 Bf6 25. d6 d3 26. d7 1-0

[Event "V Festival Costa Viola A"]
[Site "Palmi ITA"]
[Date "2012.01.03"]
[Round "3"]
[White "Collutiis, Duilio"]
[Black "Pomaro, Alberto"]
[Result "1-0"]
[WhiteElo "2477"]
[BlackElo "2369"]
[PlyCount "79"]
[EventDate "2012.01.02"]

1. g3 g6 2. Bg2 Bg7 3. c4 Nf6 4. Nc3 O-O 5. e4 d6 6. Nge2 c5 7. O-O Nc6 8. d3
Bd7 9. h3 e6 10. Be3 Ne8 11. d4 cxd4 12. Nxd4 Nxd4 13. Bxd4 Rc8 14. Bxg7 Kxg7
15. Qd4+ Qf6 16. Qxa7 Rxc4 17. Qxb7 Bc8 18. Qb6 Rc7 19. a4 Rb7 20. Qc6 Rc7 21.
Qb5 Qd4 22. Rfd1 Qa7 23. Qb4 Rb7 24. Nb5 Qb8 25. Qa3 Bd7 26. Nxd6 Rxb2 27. Nb5
Rxb5 28. axb5 Qxb5 29. Bf1 Qc6 30. Rac1 Qb7 31. Qa6 Qxa6 32. Bxa6 Nf6 33. Rc7
Ba4 34. Ra1 Be8 35. f3 g5 36. Ra5 h6 37. Bc4 Nd7 38. Kf2 e5 39. Raa7 Nb8 40.
Ra8 1-0

[Event "V Festival Costa Viola A"]
[Site "Palmi ITA"]
[Date "2012.01.03"]
[Round "3"]
[White "Drasko, Milan"]
[Black "Valguarnera, Girolamo"]
[Result "1-0"]
[WhiteElo "2459"]
[BlackElo "2139"]
[PlyCount "105"]
[EventDate "2012.01.02"]

1. Nf3 Nf6 2. g3 d6 3. d4 g6 4. Bg2 Bg7 5. O-O O-O 6. c4 Nbd7 7. Qc2 c6 8. Rd1
Qc7 9. e4 e5 10. h3 Re8 11. Nc3 Nf8 12. Be3 N6d7 13. Rac1 b6 14. Qd2 Ba6 15. b3
Rad8 16. Bh6 Bh8 17. d5 c5 18. Nh2 Nf6 19. Bf3 Rb8 20. Be2 Bc8 21. h4 a6 22. a4
Bd7 23. f4 exf4 24. Qxf4 Bc8 25. Rf1 Bh3 26. Rf2 Nh5 27. Qf3 Bc8 28. g4 Nf6 29.
Rcf1 Rb7 30. e5 Rxe5 31. Bf4 Re8 32. Qg3 Rd8 33. Bg5 N8d7 34. Bxf6 Bxf6 35.
Rxf6 Nxf6 36. Rxf6 Qe7 37. g5 Re8 38. Nf1 Rd8 39. Bd3 Kg7 40. Nd2 Rbd7 41. Nde4
Bb7 42. h5 gxh5 43. Qh2 Rg8 44. Qxh5 Kf8 45. Qxh7 Rxg5+ 46. Kf2 Qe5 47. Qh6+
Rg7 48. Rxd6 Qd4+ 49. Ke2 Bc8 50. Nd1 Qe5 51. Rxb6 Kg8 52. Ne3 Re7 53. Nf6+ 1-0

[Event "V Festival Costa Viola A"]
[Site "Palmi ITA"]
[Date "2012.01.03"]
[Round "3"]
[White "Furnari, Francesco"]
[Black "Cafaro, Luca"]
[Result "0-1"]
[WhiteElo "1833"]
[BlackElo "1890"]
[PlyCount "80"]
[EventDate "2012.01.02"]

1. e4 e5 2. Nf3 Nc6 3. Bc4 Nf6 4. Nc3 Nxe4 5. Nxe4 d5 6. Bxd5 Qxd5 7. Nc3 Qd8
8. d3 Bb4 9. Bd2 Bg4 10. h3 Bh5 11. g4 Bg6 12. O-O Qd7 13. a3 Bd6 14. Nh2 h5
15. Kg2 O-O-O 16. Ne4 f5 17. Nxd6+ Qxd6 18. g5 h4 19. Rg1 Bh5 20. Qe1 Nd4 21.
Rc1 Qc6+ 22. f3 Bxf3+ 23. Nxf3 Nxf3 24. Qe3 Nxg1+ 25. Kxg1 Qb6 26. Qxb6 axb6
27. Bc3 Rhe8 28. Re1 Rd5 29. Kf2 g6 30. Ke3 Kd7 31. Kf3 e4+ 32. dxe4 fxe4+ 33.
Kg4 e3 34. Re2 Rf5 35. Kxh4 Re4+ 36. Kg3 Rxg5+ 37. Kf3 Re8 38. h4 Rf5+ 39. Kg3
Re4 40. b3 Ke6 0-1

[Event "V Festival Costa Viola A"]
[Site "Palmi ITA"]
[Date "2012.01.03"]
[Round "3"]
[White "Gangemi, Salvatore"]
[Black "Quattrone, Andrea"]
[Result "1-0"]
[WhiteElo "2085"]
[BlackElo "1790"]
[PlyCount "63"]
[EventDate "2012.01.02"]

1. c4 Nf6 2. Nf3 e6 3. g3 d5 4. Bg2 c6 5. d4 dxc4 6. Ne5 Nbd7 7. Nxc4 Nb6 8.
Ne5 Bd6 9. O-O Bxe5 10. dxe5 Qxd1 11. Rxd1 Nfd7 12. f4 f6 13. exf6 gxf6 14. e4
e5 15. b3 exf4 16. gxf4 Nc5 17. Bb2 Rg8 18. Kf2 Bg4 19. Rd6 Bh3 20. Bf3 f5 21.
Nc3 fxe4 22. Nxe4 Nxe4+ 23. Bxe4 Ke7 24. Rh6 Be6 25. Rxh7+ Ke8 26. Bf6 Bd5 27.
Re1 Kf8 28. Bg5 Rxg5 29. fxg5 Bf7 30. g6 Bg8 31. Rxb7 Nc8 32. g7+ 1-0

[Event "V Festival Costa Viola A"]
[Site "Palmi ITA"]
[Date "2012.01.03"]
[Round "3"]
[White "Giuliano, Vincenzo"]
[Black "Familari, Giuseppe"]
[Result "1-0"]
[WhiteElo "1891"]
[BlackElo "1967"]
[PlyCount "51"]
[EventDate "2012.01.02"]

1. d4 Nf6 2. c4 c5 3. d5 b5 4. cxb5 e6 5. Nc3 a6 6. e4 Bb7 7. Bg5 h6 8. Bh4
axb5 9. Bxb5 exd5 10. Bxf6 Qxf6 11. exd5 Be7 12. Nf3 O-O 13. O-O Na6 14. Bxd7
Rfd8 15. Bb5 Nc7 16. Bc4 Qf4 17. Qd3 Rd7 18. Rfe1 Rad8 19. Ne5 Rd6 20. g3 Qg5
21. f4 Qh5 22. Ne4 Rb6 23. d6 Rbxd6 24. Nxd6 Ne6 25. Qb3 Ba8 26. Bxe6 1-0

[Event "V Festival Costa Viola A"]
[Site "Palmi ITA"]
[Date "2012.01.03"]
[Round "3"]
[White "Gregori, Giacomo"]
[Black "Marzaduri, Riccardo"]
[Result "1-0"]
[WhiteElo "2023"]
[BlackElo "1830"]
[PlyCount "81"]
[EventDate "2012.01.02"]

1. Nf3 Nf6 2. c4 d6 3. d4 g6 4. Nc3 Bg7 5. g3 O-O 6. Bg2 Nbd7 7. O-O c6 8. h3
e5 9. e4 Qc7 10. Be3 Re8 11. Qc2 Nh5 12. g4 Nhf6 13. Rac1 Nf8 14. d5 h6 15.
Rfd1 c5 16. Qd2 g5 17. Ne1 a6 18. Nd3 Ng6 19. f3 Qd8 20. a3 Nh4 21. b4 b6 22.
Rb1 Ng6 23. a4 Nf4 24. a5 Nxd3 25. Qxd3 bxa5 26. bxc5 dxc5 27. Bxc5 Nd7 28. Bf2
Bf8 29. d6 Rb8 30. Rxb8 Nxb8 31. c5 Bd7 32. Nd5 Bb5 33. Qd2 Bxd6 34. cxd6 Qxd6
35. Qxa5 Nc6 36. Qc3 Rc8 37. Qa1 Qe6 38. Bf1 Na7 39. Bxb5 Nxb5 40. Rc1 Rd8 41.
Qa5 1-0

[Event "V Festival Costa Viola A"]
[Site "Palmi ITA"]
[Date "2012.01.03"]
[Round "3"]
[White "Kukov, Velislav"]
[Black "Stella, Andrea"]
[Result "1/2-1/2"]
[WhiteElo "2414"]
[BlackElo "2442"]
[PlyCount "23"]
[EventDate "2012.01.02"]

1. Nf3 Nf6 2. c4 c5 3. g3 b6 4. Bg2 Bb7 5. O-O e6 6. Nc3 Be7 7. Re1 d6 8. e4
Nbd7 9. d4 cxd4 10. Nxd4 Qc7 11. b3 Rc8 12. Bb2 1/2-1/2

[Event "V Festival Costa Viola A"]
[Site "Palmi ITA"]
[Date "2012.01.03"]
[Round "3"]
[White "Pierandrei, Danilo"]
[Black "Carbone, Stefano"]
[Result "1/2-1/2"]
[WhiteElo "1888"]
[BlackElo "1985"]
[PlyCount "91"]
[EventDate "2012.01.02"]

1. e4 g6 2. d4 Bg7 3. Nc3 c6 4. f4 d5 5. e5 Nh6 6. Nf3 f6 7. Be3 Bg4 8. h3 Bxf3
9. Qxf3 O-O 10. Qe2 Nf5 11. Bf2 fxe5 12. fxe5 e6 13. O-O-O Qg5+ 14. Kb1 Ng3 15.
Bxg3 Qxg3 16. Qd3 Qxd3 17. Rxd3 Nd7 18. Be2 a6 19. Bg4 Rae8 20. Ne2 h5 21. Bf3
c5 22. c3 c4 23. Rdd1 Bh6 24. Rhf1 Nb8 25. g4 h4 26. Bg2 b5 27. Ng1 Bg5 28. Nf3
Be7 29. g5 Kg7 30. Rg1 Rf4 31. Nh2 Ref8 32. Ng4 Bxg5 33. Ne3 Bd8 34. Rdf1 Rxf1+
35. Rxf1 Rxf1+ 36. Bxf1 Nc6 37. Kc2 Bg5 38. Ng2 Ne7 39. Be2 Nf5 40. Bg4 Kf7 41.
b3 Nh6 42. Be2 Nf5 43. Bf3 Nh6 44. Be2 Nf5 45. Bf3 Ng3 46. Ne1 1/2-1/2

[Event "V Festival Costa Viola A"]
[Site "Palmi ITA"]
[Date "2012.01.03"]
[Round "3"]
[White "Pisacane, Pietro"]
[Black "Stromboli, Carlo"]
[Result "0-1"]
[WhiteElo "2004"]
[BlackElo "2336"]
[PlyCount "88"]
[EventDate "2012.01.02"]

1. d4 Nf6 2. c4 e6 3. Nf3 Bb4+ 4. Bd2 Be7 5. Nc3 d5 6. e3 O-O 7. Bd3 a6 8. O-O
dxc4 9. Bxc4 b5 10. Bd3 c5 11. Ne4 Nbd7 12. dxc5 Bb7 13. Nxf6+ Nxf6 14. Bc3
Bxc5 15. Rc1 Rc8 16. Be2 Qe7 17. Bd4 Bd6 18. Rxc8 Rxc8 19. Be5 Bb4 20. a3 Ba5
21. b4 Bb6 22. Qa1 Ne8 23. Bd4 Bc7 24. Rc1 f6 25. Bc5 Qf7 26. a4 Qh5 27. h3 Ra8
28. Nd4 Qe5 29. Nf3 Qd5 30. Rd1 Qc6 31. a5 Nd6 32. Qa2 Ne4 33. Nd4 Qd5 34. Nb3
Qg5 35. Nd4 Bd5 36. Qc2 Nxf2 37. Nf3 Qg3 38. Rxd5 Nxh3+ 39. Kh1 Nf2+ 40. Kg1
exd5 41. Qf5 Rd8 42. Be7 Rb8 43. Nd4 Qxe3 44. Qxd5+ Kh8 0-1

[Event "V Festival Costa Viola A"]
[Site "Palmi ITA"]
[Date "2012.01.03"]
[Round "3"]
[White "Rotunno, Giuseppe"]
[Black "Petkov, Vladimir"]
[Result "0-1"]
[WhiteElo "2026"]
[BlackElo "2519"]
[PlyCount "62"]
[EventDate "2012.01.02"]

1. d4 Nf6 2. Bf4 e6 3. e3 b6 4. h3 Bd6 5. Bxd6 cxd6 6. Nf3 Bb7 7. Nbd2 O-O 8.
Be2 Nc6 9. c3 d5 10. g4 Ne4 11. Bd3 Ne7 12. Qe2 f5 13. Ba6 Bxa6 14. Qxa6 Ng6
15. gxf5 Rxf5 16. Nxe4 dxe4 17. Nd2 d5 18. Qe2 Qf6 19. a4 Rf8 20. Rh2 Nh4 21.
a5 bxa5 22. Rxa5 Qd8 23. Ra2 Qb8 24. f4 exf3 25. Qf2 Ng2+ 26. Rxg2 fxg2 27.
Qxg2 R5f6 28. Kd1 Rf2 29. Qg4 Qh2 30. Qxe6+ Kh8 31. b4 Qh1+ 0-1

[Event "V Festival Costa Viola A"]
[Site "Palmi ITA"]
[Date "2012.01.03"]
[Round "4"]
[White "Cafaro, Luca"]
[Black "Damia, Angelo"]
[Result "0-1"]
[WhiteElo "1890"]
[BlackElo "2303"]
[PlyCount "56"]
[EventDate "2012.01.02"]

1. e4 c5 2. Nf3 a6 3. d4 cxd4 4. Nxd4 Nf6 5. Nc3 e5 6. Nb3 Bb4 7. Bd3 Nc6 8.
O-O d6 9. Nd5 Be6 10. c3 Ba5 11. Nxa5 Qxa5 12. c4 Bxd5 13. exd5 Nb8 14. Qb3 Qc7
15. f4 e4 16. Re1 O-O 17. Bxe4 Re8 18. Qc2 Nbd7 19. Bd2 Nxe4 20. Rxe4 Nf6 21.
Rxe8+ Rxe8 22. Rc1 Qc5+ 23. Kh1 Re2 24. Re1 Qf2 25. Rg1 Rxd2 26. Qf5 Re2 27.
Qb1 Ng4 28. Qf5 Qxg1+ 0-1

[Event "V Festival Costa Viola A"]
[Site "Palmi ITA"]
[Date "2012.01.03"]
[Round "4"]
[White "Caprio, Guido"]
[Black "Collutiis, Duilio"]
[Result "1/2-1/2"]
[WhiteElo "2353"]
[BlackElo "2477"]
[PlyCount "25"]
[EventDate "2012.01.02"]

1. e4 e5 2. Bc4 Nf6 3. Nc3 Nc6 4. d3 Na5 5. Bb3 Bb4 6. Nf3 Nxb3 7. axb3 d5 8.
exd5 Nxd5 9. Bd2 O-O 10. O-O Nxc3 11. Bxc3 Bxc3 12. bxc3 f6 13. Qe2 1/2-1/2

[Event "V Festival Costa Viola A"]
[Site "Palmi ITA"]
[Date "2012.01.03"]
[Round "4"]
[White "Carbone, Stefano"]
[Black "Blasco, Domenico"]
[Result "1-0"]
[WhiteElo "1985"]
[BlackElo "1938"]
[PlyCount "103"]
[EventDate "2012.01.02"]

1. c4 g6 2. g3 Bg7 3. Bg2 e5 4. Nc3 Nc6 5. e4 d6 6. Nge2 f5 7. d3 Nf6 8. O-O
O-O 9. f3 h6 10. a3 Nh5 11. b4 f4 12. g4 Nf6 13. b5 Ne7 14. d4 Be6 15. d5 Bd7
16. h4 Nxg4 17. fxg4 Bxg4 18. Bf3 Bxf3 19. Rxf3 g5 20. hxg5 hxg5 21. Rh3 Ng6
22. Bd2 Qd7 23. Qf1 Qg4+ 24. Kf2 Kf7 25. Qg2 Qxg2+ 26. Kxg2 g4 27. Rh5 f3+ 28.
Kg3 fxe2 29. Nxe2 Nf4 30. Rf1 Kg6 31. Nxf4+ exf4+ 32. Kxg4 Be5 33. Rg5+ Kf6 34.
Bxf4 Ke7 35. Rf5 Rg8+ 36. Bg5+ Rxg5+ 37. Kxg5 Rg8+ 38. Kh5 Rh8+ 39. Kg4 Rg8+
40. Rg5 Rh8 41. Rg6 Rh7 42. Re6+ Kd7 43. Rf8 c6 44. bxc6+ bxc6 45. Ree8 cxd5
46. exd5 Bd4 47. Rb8 Rg7+ 48. Kf5 Kc7 49. Rfc8+ Kd7 50. Rg8 Rf7+ 51. Ke4 Re7+
52. Kxd4 1-0

[Event "V Festival Costa Viola A"]
[Site "Palmi ITA"]
[Date "2012.01.03"]
[Round "4"]
[White "Cordi', Domenico"]
[Black "Valguarnera, Girolamo"]
[Result "0-1"]
[WhiteElo "2059"]
[BlackElo "2139"]
[PlyCount "70"]
[EventDate "2012.01.02"]

1. d4 Nf6 2. c4 e6 3. Nf3 c5 4. Nc3 cxd4 5. Nxd4 Bb4 6. Bd2 O-O 7. Qb3 Na6 8.
e3 b6 9. Be2 Bb7 10. O-O Qe7 11. Rfd1 Rac8 12. Ndb5 Rc5 13. a3 Bxc3 14. Bxc3
Rg5 15. f3 d5 16. Nxa7 dxc4 17. Qxb6 Nd5 18. Rxd5 exd5 19. Bd4 Rg6 20. Qa5 Ra8
21. Nb5 Bc6 22. Nc3 Nb8 23. Qb6 h6 24. Rd1 Nd7 25. Qc7 Rb8 26. Rd2 Kh7 27. Bf1
Rb7 28. Qf4 Nf8 29. Qe5 Qd8 30. Qf5 Ne6 31. Be5 Kg8 32. Bg3 Rd7 33. Ne2 d4 34.
Nxd4 Nxd4 35. exd4 Rxd4 0-1

[Event "V Festival Costa Viola A"]
[Site "Palmi ITA"]
[Date "2012.01.03"]
[Round "4"]
[White "Familari, Giuseppe"]
[Black "Buda, Elvin"]
[Result "1-0"]
[WhiteElo "1967"]
[BlackElo "1917"]
[PlyCount "121"]
[EventDate "2012.01.02"]

1. d4 e6 2. e4 c5 3. c3 Nf6 4. Bd3 Qc7 5. Ne2 Nc6 6. Nd2 d6 7. O-O Bd7 8. Nf3
Be7 9. h3 h5 10. a3 h4 11. b4 c4 12. Bc2 a6 13. a4 Nh7 14. Be3 d5 15. Bf4 Bd6
16. Bxd6 Qxd6 17. e5 Qe7 18. Qd2 g5 19. Nh2 Kd8 20. Bxh7 Rxh7 21. Ng4 Kc7 22.
f4 Rg7 23. fxg5 Rxg5 24. Nf6 Rg7 25. Qh6 Qf8 26. Qxh4 Qh8 27. Qxh8 Rxh8 28. Kh2
Ne7 29. g4 Rg5 30. Ng3 Rh6 31. Ngh5 Ng6 32. Nxd7 Kxd7 33. Rxf7+ Ne7 34. Nf6+
Kd8 35. b5 a5 36. Rf8+ Kc7 37. b6+ Kxb6 38. Rf7 Nc6 39. Rb1+ Ka6 40. Nd7 Ka7
41. Nc5 Ka8 42. Rf8+ Nb8 43. Rxb7 Rxh3+ 44. Kxh3 Rh5+ 45. Kg3 Rh3+ 46. Kf2 Rh2+
47. Ke1 Re2+ 48. Kd1 Re1+ 49. Kd2 Rd1+ 50. Ke3 Re1+ 51. Kf4 Rf1+ 52. Kg5 Rxf8
53. Nxe6 Rf3 54. Rb5 Rxc3 55. Nc7+ Ka7 56. Nxd5 Rd3 57. e6 Rxd4 58. e7 Re4 59.
Rc5 Re5+ 60. Kf4 Nc6 61. Rxc6 1-0

[Event "V Festival Costa Viola A"]
[Site "Palmi ITA"]
[Date "2012.01.03"]
[Round "4"]
[White "Lazic, Miroljub"]
[Black "Giuliano, Vincenzo"]
[Result "1-0"]
[WhiteElo "2470"]
[BlackElo "1891"]
[PlyCount "61"]
[EventDate "2012.01.02"]

1. g3 e5 2. c4 Nf6 3. Bg2 g6 4. Nc3 Bg7 5. Nf3 d6 6. d4 Nbd7 7. O-O O-O 8. Qc2
c6 9. Rd1 Qc7 10. e4 Re8 11. h3 a6 12. a4 Rb8 13. a5 b6 14. axb6 Qxb6 15. c5
dxc5 16. dxe5 Nh5 17. g4 Nxe5 18. Nxe5 Bxe5 19. gxh5 Be6 20. Qe2 Bb3 21. Re1
Qb4 22. Qxa6 Bxc3 23. bxc3 Qxc3 24. Be3 Qe5 25. h6 Qd6 26. Qa5 Qe5 27. Qxc5
Qxc5 28. Bxc5 Bc4 29. Ra7 Ra8 30. Rea1 Rxa7 31. Rxa7 1-0

[Event "V Festival Costa Viola A"]
[Site "Palmi ITA"]
[Date "2012.01.03"]
[Round "4"]
[White "Marzaduri, Riccardo"]
[Black "Cangiano, Federico"]
[Result "1/2-1/2"]
[WhiteElo "1830"]
[BlackElo "1963"]
[PlyCount "142"]
[EventDate "2012.01.02"]

1. e4 e6 2. d4 d5 3. Nc3 Bb4 4. e5 c5 5. a3 Bxc3+ 6. bxc3 Ne7 7. Qg4 O-O 8. Nf3
c4 9. Bg5 Kh8 10. h4 Nbc6 11. h5 h6 12. Bd2 Qb6 13. Rh3 Qb2 14. Rc1 Qxa3 15.
Nh4 Bd7 16. Rg3 Rg8 17. Qd1 Qa5 18. Bf4 Qd8 19. Qd2 Kh7 20. Rf3 Nf5 21. Nxf5
exf5 22. Rh3 Be6 23. Be2 a5 24. Rb1 Qe7 25. f3 a4 26. g4 fxg4 27. fxg4 a3 28.
Rh1 a2 29. Ra1 f6 30. Qe3 Rgf8 31. Kd2 b5 32. exf6 Qxf6 33. Rhf1 Qe7 34. g5 Bf5
35. Qg3 Qe6 36. Rfe1 Qf7 37. g6+ Bxg6 38. hxg6+ Qxg6 39. Qxg6+ Kxg6 40. Rg1+
Kh7 41. Be3 Ra3 42. Rgf1 Re8 43. Rfe1 b4 44. cxb4 Rexe3 45. Bd3+ cxd3 46. Rxe3
Ra8 47. Rxd3 Nxb4 48. Rb3 Nc6 49. c3 Rf8 50. Ra3 Ne7 51. R3xa2 Ng6 52. Ra5 Rd8
53. Rh1 Nf4 54. Ke3 g5 55. Ra7+ Kg6 56. Ra6+ Kf5 57. Rhxh6 Re8+ 58. Kd2 Re2+
59. Kd1 Ke4 60. Rhe6+ Kd3 61. Rxe2 Nxe2 62. Rg6 Nxc3+ 63. Ke1 Ne4 64. Ra6 Kxd4
65. Ra4+ Ke3 66. Ra3+ Kf4 67. Rd3 Ke5 68. Ke2 g4 69. Kf1 g3 70. Kg2 d4 71. Kf3
Nc5 1/2-1/2

[Event "V Festival Costa Viola A"]
[Site "Palmi ITA"]
[Date "2012.01.03"]
[Round "4"]
[White "Pinton, Maurizio"]
[Black "Furnari, Francesco"]
[Result "1-0"]
[WhiteElo "2008"]
[BlackElo "1833"]
[PlyCount "75"]
[EventDate "2012.01.02"]

1. b3 e5 2. Bb2 Nc6 3. Nf3 d6 4. d4 Bg4 5. d5 Nb8 6. Nbd2 Nf6 7. e4 g6 8. h3
Bxf3 9. Qxf3 Bg7 10. Be2 Nbd7 11. Qe3 O-O 12. O-O Qe7 13. Rad1 a6 14. Bf3 Ne8
15. g3 f5 16. Qe2 f4 17. c4 Bh6 18. Bg4 Ndf6 19. Bf3 Ng7 20. g4 Bg5 21. Kg2 Kf7
22. c5 h5 23. cxd6 cxd6 24. Nc4 b5 25. Na5 hxg4 26. hxg4 Rh8 27. Rh1 Qd7 28.
Nc6 Rxh1 29. Rxh1 Re8 30. Rc1 Kg8 31. Ba3 Nh7 32. Bb4 Bf6 33. Ba5 Rc8 34. a4
Ng5 35. axb5 Nxf3 36. Kxf3 axb5 37. Qxb5 Kh8 38. Na7 1-0

[Event "V Festival Costa Viola A"]
[Site "Palmi ITA"]
[Date "2012.01.03"]
[Round "4"]
[White "Pomaro, Alberto"]
[Black "Santagati, Alessandro"]
[Result "1-0"]
[WhiteElo "2369"]
[BlackElo "2239"]
[PlyCount "91"]
[EventDate "2012.01.02"]

1. e4 e6 2. d4 d5 3. Nc3 Nc6 4. e5 Nge7 5. Nf3 Nf5 6. h4 h5 7. g3 Bb4 8. Qd3
Bd7 9. Bh3 Nce7 10. Bg5 Qc8 11. O-O c5 12. Ne2 cxd4 13. Nexd4 Nxd4 14. Nxd4 Nc6
15. Nf3 Qc7 16. c3 Be7 17. Bf4 O-O-O 18. Qe2 Kb8 19. Rac1 Qa5 20. b3 Rc8 21. a4
Rc7 22. Qa2 b5 23. b4 Qxa4 24. Qe2 Qa6 25. Ra1 Qb7 26. Be3 a6 27. Ra2 Ka8 28.
Rfa1 Nb8 29. Ra3 Rhc8 30. Bd4 Rc4 31. Qe3 R8c7 32. Nd2 Rxd4 33. Qxd4 Qa7 34.
Qf4 Bc8 35. Bf1 Qb6 36. Ra5 Kb7 37. R5a3 f6 38. Nb3 fxe5 39. Qxe5 Bd6 40. Qxh5
Ka7 41. Qf3 Bb7 42. Nd4 Bc6 43. Nxe6 Re7 44. Nd4 Be8 45. Ra5 Bxb4 46. Nxb5+ 1-0

[Event "V Festival Costa Viola A"]
[Site "Palmi ITA"]
[Date "2012.01.03"]
[Round "4"]
[White "Quattrone, Andrea"]
[Black "Carlomagno, Vincenzo"]
[Result "1-0"]
[WhiteElo "1790"]
[BlackElo "1970"]
[PlyCount "57"]
[EventDate "2012.01.02"]

1. e4 c5 2. Nf3 d6 3. d4 cxd4 4. Nxd4 Nf6 5. Nc3 a6 6. Bg5 e6 7. Qd2 h6 8. Bxf6
gxf6 9. g3 Nc6 10. Bg2 Bd7 11. O-O-O Be7 12. f4 Qb6 13. Nb3 Na5 14. Nxa5 Qxa5
15. f5 Rc8 16. fxe6 fxe6 17. Rhf1 b5 18. Kb1 b4 19. Ne2 e5 20. Ng1 Be6 21. b3
Rc5 22. Bh3 Bf7 23. Nf3 d5 24. exd5 Bg6 25. Ne1 Bh5 26. g4 Bg6 27. d6 Qa3 28.
dxe7 Ra5 29. Qd7+ 1-0

[Event "V Festival Costa Viola A"]
[Site "Palmi ITA"]
[Date "2012.01.03"]
[Round "4"]
[White "Rotunno, Giuseppe"]
[Black "Pierandrei, Danilo"]
[Result "1-0"]
[WhiteElo "2026"]
[BlackElo "1888"]
[PlyCount "97"]
[EventDate "2012.01.02"]

1. d4 d5 2. Nf3 Nf6 3. g3 e6 4. Bg2 Nbd7 5. O-O Be7 6. b3 O-O 7. Bb2 b6 8. Nbd2
Bb7 9. c4 Rc8 10. Ne5 c5 11. e3 Re8 12. Rc1 Bd6 13. f4 Ne4 14. Nxe4 dxe4 15.
Nxd7 Qxd7 16. dxc5 bxc5 17. Qg4 f5 18. Qe2 Rcd8 19. Rcd1 Qf7 20. Rd2 Bf8 21.
Rfd1 Qe7 22. Be5 g6 23. g4 h6 24. gxf5 exf5 25. Rd6 Rxd6 26. Bxd6 Qf6 27. Be5
Qf7 28. Qd2 Bc6 29. Qa5 Kh7 30. h4 h5 31. Bf1 Kh6 32. Kh2 Qb7 33. Bd6 Bxd6 34.
Rxd6 Qe7 35. Qxc5 Qxh4+ 36. Kg2 Ba8 37. Qxf5 Rg8 38. Qe6 Rg7 39. c5 Qe1 40. Qh3
Kh7 41. Qg3 Qa1 42. Qf2 Qc3 43. Bc4 Qa5 44. Qc2 Qc7 45. b4 Qe7 46. b5 g5 47. f5
Qe5 48. f6 Rg8 49. Bxg8+ 1-0

[Event "V Festival Costa Viola A"]
[Site "Palmi ITA"]
[Date "2012.01.03"]
[Round "4"]
[White "Stella, Andrea"]
[Black "Drasko, Milan"]
[Result "1/2-1/2"]
[WhiteElo "2442"]
[BlackElo "2459"]
[PlyCount "38"]
[EventDate "2012.01.02"]

1. d4 e6 2. c4 Nf6 3. Nf3 Bb4+ 4. Bd2 a5 5. g3 d6 6. Bg2 Nbd7 7. O-O e5 8. Nc3
O-O 9. Nd5 Bxd2 10. Qxd2 Re8 11. Nxf6+ Qxf6 12. Rac1 h6 13. Rc3 exd4 14. Nxd4
Nc5 15. Nb5 Qd8 16. Ra3 Bd7 17. Rxa5 Rxa5 18. Qxa5 Bxb5 19. Qxb5 Rxe2 1/2-1/2

[Event "V Festival Costa Viola A"]
[Site "Palmi ITA"]
[Date "2012.01.03"]
[Round "4"]
[White "Stromboli, Carlo"]
[Black "Gangemi, Salvatore"]
[Result "1-0"]
[WhiteElo "2336"]
[BlackElo "2085"]
[PlyCount "69"]
[EventDate "2012.01.02"]

1. e4 e6 2. d4 d5 3. Nc3 dxe4 4. Nxe4 b6 5. Nf3 Bb7 6. Bd3 Nd7 7. Qe2 Ngf6 8.
Bg5 Be7 9. Nxf6+ Nxf6 10. O-O-O O-O 11. Kb1 a6 12. h4 b5 13. Rh3 Bxf3 14. Rxf3
g6 15. Rh3 Nd5 16. Bc1 Qd6 17. Qf3 Qb4 18. Be4 Rad8 19. c3 Qd6 20. h5 f5 21.
hxg6 fxe4 22. Qh5 Nf6 23. Qh6 Qd7 24. Bg5 Bd6 25. Bxf6 Rxf6 26. gxh7+ Kf7 27.
h8=Q Rxh6 28. Qxh6 Rf8 29. Qh7+ Ke8 30. Qxe4 c6 31. Rh7 Be7 32. Re1 Rf6 33. Qe5
Qd6 34. Qxd6 Bxd6 35. Ra7 1-0